SUMMIT OF MIND (Record no. 23090)

MARC details
000 -LEADER
fixed length control field 00313nam a22001457a 4500
003 - CONTROL NUMBER IDENTIFIER
control field SGT
020 ## - INTERNATIONAL STANDARD BOOK NUMBER
International Standard Book Number 97881-7391-634-9
082 ## - DEWEY DECIMAL CLASSIFICATION NUMBER
Classification number 305.90
Item number AHL
100 ## - MAIN ENTRY--PERSONAL NAME
Personal name AHLUWALLIA MAJOR H P S
245 ## - TITLE STATEMENT
Title SUMMIT OF MIND
260 ## - PUBLICATION, DISTRIBUTION, ETC. (IMPRINT)
Place of publication, distribution, etc KANISHKA NEW DELHI
Year of Publication 2022
300 ## - PAGE DESCRIPTION
No. of Pages 476
650 ## - SUBJECT ADDED ENTRY--TOPICAL TERM
Topical term or geographic name as entry element EDUCATION
942 ## - ADDED ENTRY ELEMENTS (KOHA)
Source of classification or shelving scheme Dewey Decimal Classification
Koha item type Books
Holdings
Withdrawn status Lost status Source of classification or shelving scheme Damaged status Not for loan Home library Current library Date acquired Vendor Name Cost, normal purchase price SGTU Bill Number Full call number Accession No. (Barcode) Date last seen Bill Date Koha item type
    Dewey Decimal Classification     SGT Engineering Library SGT Engineering Library 05/08/2022 A B C PVT LTD 1500.00 SGTU 14817 305.90 AHL ED4906 05/08/2022 27/07/2022 Books
    Dewey Decimal Classification     SGT Engineering Library SGT Engineering Library 05/08/2022 A B C PVT LTD 1500.00 SGTU 14817 305.90 AHL ED4907 05/08/2022 27/07/2022 Books
    Dewey Decimal Classification     SGT Engineering Library SGT Engineering Library 05/08/2022 A B C PVT LTD 1500.00 SGTU 14817 305.90 AHL ED4908 05/08/2022 27/07/2022 Books